Statistics for Belgium Province Capitals Quiz

Click here to take the quiz!

General Stats

  • This quiz has been taken 75 times
  • The average score is 8 of 10

Answer Stats

ProvinceCapital City% Correct
AntwerpAntwerp
100%
East FlandersGhent
93%
LiègeLiège
93%
NamurNamur
86%
West FlandersBruges
81%
Flemish BrabantLeuven
75%
HainautMons
72%
LuxembourgArlon
65%
LimburgHasselt
61%
Walloon BrabantWavre
54%

Score Distribution

Percentile by Number Answered

Percent of People with Each Score

Your Score History

You have not taken this quiz